| 000 | 00676nam a22002057a 4500 | ||
|---|---|---|---|
| 003 | OSt | ||
| 005 | 20251124143252.0 | ||
| 008 | 251124b |||||||| |||| 00| 0 eng d | ||
| 020 | _a9781635494235 | ||
| 040 |
_aDWCL-Main lib _cOC |
||
| 082 | _aCirc. 005.3 S621 2017 | ||
| 100 | _aColt Mcgarry | ||
| 245 |
_aSoftware architecture: _bprinciples and practice/ _cMcgarry Colt |
||
| 260 |
_aN.Y: _bLarsen and Keller education, _cc2017. |
||
| 300 |
_a vii, 337 pages : _b illustrations ; _c26cm. |
||
| 504 | _aIncludes bibliographical references and index | ||
| 650 | _a1. Computer architecture | ||
| 650 | _a2. Software architecture | ||
| 942 |
_2ddc _cBK-CIRC _kCirc. _n0 |
||
| 999 |
_c6102 _d6102 |
||